• 首页
  • 本馆介绍
  • 公告通知
  • 最新文献
  • 馆藏检索
  • 电子资源
  • 读者导购
  • 参考咨询
  • 我的图书馆
  • 登录
  • 详细信息显示
  • 放入我的书架
  • 预约/预借图书
  • 作者相关作品
  • 分类相关作品
  • 丛书相关作品
  • 出版社相关作品

书目信息

  • 表格格式
  • 工作单格式
  • 卡片格式
题名:
中国刑法史研究
    
 
作者: 西田太一郎 著 ;段秋关 译
分册:  
出版信息: 北京   北京大学出版社  1985
页数: 203页
开本: 19cm
丛书名:
单 册:
中图分类: D924.02 , D914-09
科图分类:
主题词: 刑法-法制史--研究--中国 , 法制史-刑法--研究--中国 , 法学--部门
电子资源:
ISBN:
000 00814nam0 2200289 45
001 0185001256
005 20061028101806.76
010    @dCNY1.05
091    @a6209.39
100    @a19900824d1985 kemy0chiy0121 ea
101 1  @achi@cjpn
102    @aCN@b110000
105    @ay z 000yy
106    @ar
200 10 @a中国刑法史研究@Azhong guo xing fa shi yan jiu@f(日)西田太一郎著@g段秋关译
210    @a北京@c北京大学出版社@d1985
215    @a203页@d19cm
606    @a刑法-法制史@x研究@y中国
606    @a法制史-刑法@x研究@y中国
606 0  @a法学@x部门
690    @aD924.02@v3
690    @aD914-09@v3
701  0 @a西田太一郎@Axi tian tai yi lang@4著
702  0 @a段秋关@Aduan qiu guan@4译
801  0 @aCN@b深圳图书馆@c20061028
801  2 @aCN@bNLC@c20040506
905    @f2@b141961-962@dD914-09@e75
    
    中国刑法史研究/(日)西田太一郎著/段秋关译.-北京:北京大学出版社,1985
    203页;19cm
    
    
    ISBN :CNY1.05
    
●
相关链接 在E读中查询图书 在五车中查询图书 在当当中查询图书 在豆瓣中查询图书


正题名:中国刑法史研究     索取号:D914-09/75         预约/预借

序号 登录号 条形码 馆藏地/架位号 状态 备注
1 0141961   000371163   第一借阅区/ [索取号:D914-09/75] 在馆    
2 0141962   000371154   密集书库/ [索取号:D914-09/75] 在馆    
3 0141963   002055055   第一样本阅览室/ [索取号:D914-09/75] 在馆    
唐山师范学院图书馆 欢迎您!
大连网信软件有限公司© 版权所有